Vista normal
Vista MARC
Entrada Nombre corporativo
Número de registros utilizados en: 27
001 - NÚMERO DE CONTROL
- campo de control: 17179
003 - IDENTIFICADOR DEL NÚMERO DE CONTROL
- campo de control: OSt
005 - FECHA Y HORA DE LA ÚLTIMA TRANSACCIÓN
- campo de control: 20230308115614.0
008 - DATOS DE LONGITUD FIJA
- campo de control de longitud fija: 200615|| aca||aabn | a|a d
040 ## - FUENTE DE LA CATALOGACIÓN
- Centro catalogador/agencia de origen: OSt
- Centro/agencia transcriptor: OSt
110 1# - ENCABEZAMIENTO-NOMBRE DE ENTIDAD CORPORATIVA
- Nombre de entidad corporativa o nombre de jurisdicción como elemento de entrada: República Dominicana.
- Unidad subordinada: Comisionado de Apoyo a la Reforma y Modernización de la Justicia
410 2# - TRAZADO DE VÉASE--NOMBRE DE ENTIDAD CORPORATIVA
- Nombre de entidad corporativa o nombre de jurisdicción como elemento de entrada: CAMJ
410 2# - TRAZADO DE VÉASE--NOMBRE DE ENTIDAD CORPORATIVA
- Nombre de entidad corporativa o nombre de jurisdicción como elemento de entrada: Comisionado de Apoyo a la Reforma y Modernización de la Justicia (República Dominicana)
670 ## - FUENTE DE DATOS ENCONTRADOS
- Cita de la fuente: Work cat.: (OSt)5894: República Dominicana. 447, Código para el sistema de protección y los derechos fundamentales de niños, niñas y adolescentes, concordado con las normativas nacional e internacional & compendio de los principales instrumentos internacionales de derechos humanos relativos a la niñez y a la adolescencia /, 2005.
